01768nam a2200397Ia 4500001001200000003000800012006001900020007001500039008004100054010001700095020003300112020001800145020001800163040002100181035002100202050002300223082001600246245012400262260005200386300001500438440008800453500012700541504004100668533015200709650002900861650004400890650003100934650003200965655002900997700003601026700003101062700003701093710001701130711009701147856012601244ebr10598152CaPaEBRm u cr cn|||||||||960419s1996 gw sb 100 0 eng d z 96021518  z3110142198 (acid-free paper) z9783110142198 z9783110889383 aCaPaEBRcCaPaEBR a(OCoLC)81550725114aQA295b.C67 1996eb04a515/.4222000aConvergence in ergodic theory and probabilityh[electronic resource] /ceditors, V. Bergelson, P. March, J. Rosenblatt. aBerlin ;aNew York :bWalter de Gruyter,c1996. axi, 445 p. 0aOhio State University Mathematical Research Institute publications,x0942-0363 ;v5 aPapers from the Conference on Convergence in Ergodic Theory and Probability, held at Ohio State University, in June, 1993. aIncludes bibliographical references. aElectronic reproduction.bPalo Alto, Calif. :cebrary,d2011.nAvailable via World Wide Web.nAccess may be limited to ebrary affiliated libraries. 0aConvergencevCongresses. 0aInequalities (Mathematics)vCongresses. 0aProbabilitiesvCongresses. 0aErgodic theoryvCongresses. 7aElectronic books.2local1 aBergelson, V.q(Vitaly),d1950-1 aMarch, P.q(Peter),d1955-1 aRosenblatt, J.q(Joseph),d1946-2 aebrary, Inc.2 aConference on Convergence in Ergodic Theory and Probabilityd(1993 :cOhio State University)40uhttp://site.ebrary.com/lib/rucke/Doc?id=10598152zAn electronic book accessible through the World Wide Web; click to view